ბათუმის შოთა რუსთაველის სახელმწიფო უნივერსიტეტის ბიბლიოთეკა

Прямые и кривые (ბიბ.ჩანაწერი № 48140)

000 -LEADER
fixed length control field 00519nam a2200205Ia 4500
001 - CONTROL NUMBER
control field 15021
003 - CONTROL NUMBER IDENTIFIER
control field GE_BSU
008 - FIXED-LENGTH DATA ELEMENTS--GENERAL INFORMATION
fixed length control field 181216s||||||||xx |||||||||||||| ||und||
040 ## - CATALOGING SOURCE
Transcribing agency GE_BSU
080 ## - UNIVERSAL DECIMAL CLASSIFICATION NUMBER
Universal Decimal Classification number 514.1
100 ## - MAIN ENTRY--PERSONAL NAME
Personal name Васильев,Н.Б. Гутенмахер, В.П.
245 ## - TITLE STATEMENT
Title Прямые и кривые
245 ## - TITLE STATEMENT
Statement of responsibility, etc. Ред.А.Ф.Лапко
260 ## - PUBLICATION, DISTRIBUTION, ETC.
Place of publication, distribution, etc. Москва
260 ## - PUBLICATION, DISTRIBUTION, ETC.
Name of publisher, distributor, etc. Наука
260 ## - PUBLICATION, DISTRIBUTION, ETC.
Date of publication, distribution, etc. 1978
300 ## - PHYSICAL DESCRIPTION
Extent 157стр.20см.
653 ## - INDEX TERM--UNCONTROLLED
Uncontrolled term Прямые и кривые
942 ## - ADDED ENTRY ELEMENTS (KOHA)
Koha item type წიგნი
ეგზემპლარები
Withdrawn status Lost status Damaged status Not for loan Date acquired Barcode Date last seen Price effective from Koha item type
        2018-12-17 17795 2018-12-17 2018-12-17 წიგნი